000 00520nam a22001697a 4500
005 20251108172504.0
008 250721s9999 xx 000 0 ara d
082 1 4 _a364.14فقي
100 1 _aفقي، عمرو عيسى
245 1 0 _aجرائم قمع الغش والتدليس /
264 1 _aالقاهرة :
_bدار الكتب القانونية،
300 _a252ص
650 1 7 _aالغش والتدليس
650 1 7 _aالجرائم ضد السلامة العامة
942 _2ddc
_cBK
999 _c80663
_d80663